Anatomical identification of some ancient Egyptian plant materials /

محفوظ في:

المؤلف الرئيسي: Greiss, Elhamy A. M. (مؤلف)

التنسيق: كتاب

اللغة: English

منشور في: Le Caire : Impr. C. Tsoumas, 1957.

سلاسل: Memoires de l'Institut d'Egypte ; 55.
MIE ; 55.

الموضوعات:

الوسوم: إضافة وسم

لا توجد وسوم, كن أول من يضع وسما على هذه التسجيلة!

رقم الطلب: DT43 .I625 v.55

LEADER 00896namaa2200277 4500
001 18888
003 OSt
005 20260317113834.0
008 130303s1957 ua a b 000 0 eng d
010 |a 72187006 
040 |c ARCE Library 
043 |a f-ua--- 
050 4 |a DT43 .I625 v.55 
100 1 |a Greiss, Elhamy A. M.,   |e author  |9 31089 
245 1 0 |a Anatomical identification of some ancient Egyptian plant materials /  |c by Elhamy A. M. Greiss. 
264 1 |a Le Caire :   |b Impr. C. Tsoumas,   |c 1957.  |6 Impr. C. Tsoumas,  
300 |a 165, [53] pages :   |b illustrations ;   |c 28 cm. 
490 1 |a Memoires de l'Institut d'Egypte ;   |v 55. 
490 1 |a MIE ;   |v 55. 
504 |a Bibliography : pages 159-165. 
650 0 |a Plant remains (Archaeology)  |z Egypt. 
830 0 |a Memoires de l'Institut d'Egypte ;   |v 55. 
830 0 |a MIE ;   |v 55. 
901 |a reviewed 
942 |c BK  |2 lcc 
999 |c 15952  |d 15952